[Event "Pilsen Region-chT 2223"]
[Site "Czech Republic"]
[Date "2022.11.27"]
[Round "4.3"]
[White "Mraz, Milos"]
[Black "Hubka, Roland"]
[Result "1-0"]
[WhiteElo "1905"]
[BlackElo "1868"]
[PlyCount "123"]
[EventDate "2022.10.09"]
[EventType "team-tourn"]
[EventRounds "11"]
[EventCountry "CZE"]
[SourceTitle "EXT 2024"]
[Source "ChessBase"]
[SourceDate "2023.10.10"]
[SourceVersion "1"]
[SourceVersionDate "2023.10.10"]
[SourceQuality "1"]
[WhiteTeam "Loko"]
[BlackTeam "Plzen Kosutka"]
[WhiteTeamCountry "CZE"]
[BlackTeamCountry "CZE"]

1. d4 e6 2. c4 Nf6 3. Nf3 Bb4+ 4. Bd2 Qe7 5. a3 Bxd2+ 6. Nbxd2 d6 7. e3 0-0 8. Bd3 e5 9. dxe5 dxe5 10. Qc2 a5 11. 0-0 Na6 12. Bf5 c5 13. Bxc8 Raxc8 14. Ne4 Nxe4 15. Qxe4 f6 16. Rfd1 Rfd8 17. Rd5 Nb8 18. Rad1 Nc6 19. g4 g6 20. Rxd8+ Rxd8 21. Rxd8+ Qxd8 22. Qd5+ Qxd5 23. cxd5 Na7 24. Nd2 b5 25. Nb3 c4 26. Nxa5 e4 27. Nc6 Nc8 28. Nd4 Nd6 29. Kf1 Kf7 30. Ke2 f5 31. gxf5 gxf5 32. f3 Kf6 33. f4 Nb7 34. Nxb5 Nc5 35. Nd6 c3 36. bxc3 Na4 37. Nb5 Ke7 38. c4 Nb6 39. d6+ Kd7 40. c5 Na4 41. Nd4 Nxc5 42. Nxf5 Ke6 43. d7 Nxd7 44. Nd4+ Kd5 45. Kd2 Nf6 46. h3 Kc4 47. Nf5 h5 48. a4 Kb4 49. a5 Kxa5 50. Kc3 Kb5 51. Kd4 Kc6 52. Ng3 h4 53. Nxe4 Nh5 54. Ng5 Ng3 55. e4 Kd6 56. Ke3 Nf1+ 57. Kf2 Nd2 58. Ke2 Nc4 59. Nf3 Ke6 60. Nxh4 Kf6 61. Nf3 Kg6 62. Ne5+ 1-0

[Event "CZE-chT2a 0607"]
[Site "Czech Republic"]
[Date "2007.02.25"]
[Round "8.8"]
[White "Mraz, Milos"]
[Black "Janda, Jiri"]
[Result "0-1"]
[WhiteElo "1910"]
[BlackElo "2114"]
[PlyCount "82"]
[EventDate "2006.10.15"]
[EventType "team"]
[EventRounds "11"]
[EventCountry "CZE"]
[SourceTitle "EXT 2009"]
[Source "ChessBase"]
[SourceDate "2008.11.26"]
[SourceVersion "1"]
[SourceVersionDate "2008.11.26"]
[SourceQuality "1"]
[WhiteTeam "Plzen Loko"]
[BlackTeam "Kobylisy"]
[WhiteTeamCountry "CZE"]
[BlackTeamCountry "CZE"]

1. d4 Nf6 2. c4 g6 3. Nc3 Bg7 4. Nf3 d6 5. g3 0-0 6. Bg2 c5 7. 0-0 Nc6 8. dxc5 dxc5 9. Qxd8 Rxd8 10. Be3 Nd4 11. Rad1 Ng4 12. Bxd4 cxd4 13. Nd5 e5 14. h3 Nh6 15. Ne7+ Kf8 16. Nxc8 Raxc8 17. b3 Nf5 18. Ng5 Bh6 19. h4 b5 20. Bd5 Bxg5 21. hxg5 Rc7 22. g4 Ne7 23. Be4 bxc4 24. bxc4 Rxc4 25. Rc1 Rc3 26. Rb1 Nd5 27. Rb5 Nf4 28. Re1 Nh3+ 29. Kg2 Nxg5 30. Rxe5 Ne6 31. Ra5 Nf4+ 32. Kg1 Re8 33. f3 h5 34. g5 h4 35. Kf2 Kg7 36. Rh1 Re3 37. Re1 h3 38. Ra4 h2 39. Rxd4 Rxe2+ 40. Rxe2 h1Q 41. Red2 Qh4+ 0-1